00564nam a2200193Ia 4500008004100000020001800041050001700059050001400076245003700090260001700127260003500144260000900179300001600188300001100204440003800215500004900253650002700302650004100329180523s9999 xx 000 0 und d a1-57851-874-1 aMAIN HD 58.8 b.M36 2003 0aManaging change and transition / aBoston, MA : bHarvard Business School Press, c2003 a138 pages : c23 cm. aHarvard Business Essential Series aIncludes bibliographic references and index. aOrganizational change. xOrganizational change -- Management.